Obchodník měsíčník Hospodářských novin

Gespeichert in:
Bibliographische Detailangaben
Format: Schriftenreihe
Sprache:Tschechisch
Veröffentlicht: Praha Economia
Schlagworte:
Tags: Tag hinzufügen
Keine Tags, Fügen Sie das erste Tag hinzu!

MARC

LEADER 00000nas1a22000001 4500
001 s120073
005 20230522113334.6
022 |a 1210-6178 
041 0 |a cze 
044 |a CZ 
245 1 0 |a Obchodník  |b měsíčník Hospodářských novin 
264 1 |a Praha  |b Economia 
610 2 0 |a obchod 
610 2 0 |a predaj 
610 2 0 |a marketing 
610 2 0 |a logistika 
610 2 0 |a financie